| 000 | 00632nam a22002057a 4500 | ||
|---|---|---|---|
| 999 |
_c181951 _d181951 |
||
| 005 | 20211011163832.0 | ||
| 010 | _aB-741740 | ||
| 020 |
_c299.00 _a9789388322294 |
||
| 035 | _aB-741740 | ||
| 037 | _bGift | ||
| 082 | _aN | ||
| 100 | _aRanade,Soumitra | ||
| 245 |
_aBhrigu and the palace of mirrors / / _cby-Soumitra Ranade |
||
| 260 |
_aGurugram _bHachette Book Publishing _c2021 |
||
| 270 |
_a4th and 5th Floors, Corporate Centre, Plot No.94 _bGurugram _e122003 |
||
| 300 |
_a181 p. _c21cm(pbk) _bill |
||
| 700 | _aRamanujam,Ruchira | ||
| 942 |
_2ddc _cCH _hN _mRAN |
||